Biblioteca

La hermenéutica del pecado ante la ciencia, la técnica y la ética (Registro nro. 69681)

Detalles MARC
000 -LÍDER
Campo fijo de descripción fija 01766nab a2200217 i 4500
001 - NÚMERO DE CONTROL
Campo de control 768714001
003 - IDENTIFICADOR DEL NÚMERO DE CONTROL
Campo de control CO-MdFUSB
005 - FECHA Y HORA DE LA ULTIMA TRANSACCIÓN
control field 20240514105256.0
008 - ELEMENTOS DE LONGITUD FIJA -- INFORMACIÓN GENERAL
Campo fijo de descripción fija -- Información general 240510t1970 sp ||||| |||| 00| 0 spa d
040 ## - FUENTE DE CATALOGACIÓN
Idioma de catalogación spa
Agencia que realiza la transcripción CO-MdFUSB
Agencia que realiza la modificación CO-MdFUSB
041 ## - CÓDIGO DE IDIOMA
Código de idioma para texto/pista de sonido o título separado spa
100 ## - ASIENTO PRINCIPAL--NOMBRE PERSONAL
Nombre personal Pohier, Jacques-Marie,
Término relacionador autor
245 #3 - TÍTULO
Título La hermenéutica del pecado ante la ciencia, la técnica y la ética
Mención de responsabilidad / Jacques-Marie ‎Pohier
520 ## - NOTA DE RESUMEN, ETC.
Nota de sumario, etc. ¿Cómo se puede hablar del mal moral en la teología o en la predicación, dentro de un mundo configurado por la ciencia y la técnica?» Esta cuestión, planteada en tales términos, que los responsables de este número de CONCILIUM han asignado al presente artículo, posiblemente sólo afecta a una parte limitada de la cristiandad, y no, por ejemplo, a las comunidades africanas, asiáticas o sudamericanas. En este terreno, al igual que en otros muchos, resulta difícil intentar, a pesar del alcance universal de la revelación, una reflexión kath'olou, católica, vista la diversidad de las experiencias y las culturas. Dentro de estos límites, tan difíciles de trazar como de superar, es del todo evidente que la cuestión se le plantea a la teología y a la catequesis cuando éstas han de anunciar al hombre de la civilización científica y técnica el mensaje de la revelación sobre el pecado. Entonces, el hecho mismo de que se encuentren incómodas puede parecer hasta paradójico.
650 #0 - ASIENTO SECUNDARIO DE MATERIA - TERMINO TEMÁTICO
Término temático o nombre geográfico como elemento de entrada Culpa moral
9 (RLIN) 929
650 #7 - ASIENTO SECUNDARIO DE MATERIA - TERMINO TEMÁTICO
Término temático o nombre geográfico como elemento de entrada Ética cristiana
9 (RLIN) 185
650 #7 - ASIENTO SECUNDARIO DE MATERIA - TERMINO TEMÁTICO
Término temático o nombre geográfico como elemento de entrada Pecado
9 (RLIN) 368
773 0# - ASIENTO DE ITEM FUENTE
Biblionumber 49450
Itemnumber 82619
Otro identificador del ítem R2546
Título Revista internacional de teología Concilium
Número de control del registro (CO-MdFUSB)8
Número Internacional Normalizado para Publicaciones Seriadas (ISSN) 0210-1041
Parte(s) relacionada(s) / Volumen., número. (mes año), páginas Número 56, (junio, 1970), páginas: 411 - 424
Enumeración y primera página página: 411
942 ## - TIPO DE MATERIAL (KOHA)
Tipo de Item KOHA Artículos de Revista
945 ## - INFORMACIÓN LOCAL DEL REGISTRO
Catalogador Catherine Arias Alvarez - Practicante SENA

No hay ítems disponibles.

Biblioteca FUSBC | Teléfono: (57+4) 349 88 10 Ext. 141| WhatsApp (+57) 3005338115 
E-mail: biblioteca@unisbc.edu.co | Calle 76 87-14 Robledo Palenque, Medellín, Colombia

Con tecnología Koha